000 00222nam a22001097a 4500
999 _c13620
_d13620
082 _a297
100 _aAdeel Zeerak
245 _aWomen, Feminism, and Islam
300 _a180 Pages
650 _aWomen, islam,
942 _cBK